|
|
|
|
| LEADER |
00000nam a2200000 a 4500 |
| 001 |
vtls001280695 |
| 003 |
SK-MaSNL |
| 005 |
20260301064725.0 |
| 008 |
251124s1996 RU e rd d 0 rus |
| 020 |
|
|
|a 5867140431
|c [1089,00]
|
| 035 |
|
|
|a SNK000232086
|
| 040 |
|
|
|a SNK
|b slo
|c SNK
|e AACR2
|
| 044 |
|
|
|a RU
|
| 245 |
1 |
|
|a Tul'skij biografičeskij slovar'
|b v 2-ch tomach
|n 1, (A-L)
|c [glavnyj redaktor: V.I. Krutikov]
|
| 260 |
|
|
|a Tula
|b Peresvet
|c 1996
|
| 300 |
|
|
|a 334 s.
|c 22 cm
|
| 700 |
1 |
|
|a Krutikov, V.I.
|4 upr
|9 382449
|
| 919 |
|
|
|a 5-86714-043-1
|
| 999 |
|
|
|c 628013
|d 629943
|
| 952 |
|
|
|t P60, <04>, [BOOK], {604}
|a SNK
|b SNK
|y VYP
|7 0
|p 17A0197293
|o snkIC 127870/1
|i snkV 770/99
|0 0
|1 0
|4 0
|d 1999-06-23
|l 0
|r 2005-01-02 00:00:00
|w 2026-02-23
|